Social Dimensions of the IMF'S Policy Di Alogue (Reprinted 1998) P047.

This pamphlet focuses on the IMF's role in social policy advice. First,the evolution of the IMF's involvement in social issues is traced,and the lessons that can be drawn from this experience, includingpolicy implications, are outlined. This is followed by an elaboration of the social dime...

Cijeli opis

Bibliografski detalji
Autor kompanije: International Monetary Fund
Format: Žurnal
Jezik:English
Izdano: Washington, D.C. : International Monetary Fund, 1995.
Serija:Pamphlet Series
Online pristup:Full text available on IMF
LEADER 01661cas a2200241 a 4500
001 AALejournalIMF012660
008 230101c9999 xx r poo 0 0eng d
020 |c 5.00 USD 
020 |z 9781557754790 
022 |a 0538-8759 
040 |a BD-DhAAL  |c BD-DhAAL 
110 2 |a International Monetary Fund. 
245 1 0 |a Social Dimensions of the IMF'S Policy Di Alogue (Reprinted 1998) P047. 
264 1 |a Washington, D.C. :  |b International Monetary Fund,  |c 1995. 
300 |a 1 online resource (36 pages) 
490 1 |a Pamphlet Series 
500 |a <strong>Off-Campus Access:</strong> No User ID or Password Required 
500 |a <strong>On-Campus Access:</strong> No User ID or Password Required 
506 |a Electronic access restricted to authorized BRAC University faculty, staff and students 
520 3 |a This pamphlet focuses on the IMF's role in social policy advice. First,the evolution of the IMF's involvement in social issues is traced,and the lessons that can be drawn from this experience, includingpolicy implications, are outlined. This is followed by an elaboration of the social dimensions of IMF policy advice to member countries underits two major activities: surveillance of economic policies and financial support for adjustment programs. The IMF's collaboration onsocial issues with the World Bank and UN agencies is examined, and theconclusion focuses on ways to further strengthen the IMF's contributionto social development. 
538 |a Mode of access: Internet 
830 0 |a Pamphlet Series 
856 4 0 |z Full text available on IMF  |u http://elibrary.imf.org/view/books/054/15612-9781557754790-en/15612-9781557754790-en-book.xml  |z IMF e-Library